The United States in 2021 by total number of homicides - Statistics

General Stats
  • This quiz has been taken 17 times
  • The average score is 9 of 10
Answer Stats
Hint Answer % Correct
2,064 Texas
100%
514 Illinois
93%
747 Michigan
93%
562 Virginia
93%
728 Georgia
87%
593 Missouri
87%
824 Ohio
87%
928 North Carolina
80%
672 Tennessee
80%
548 South Carolina
73%
No matching quizzes found
Score Distribution
Percent of People with Each Score
Percentile by Number Answered
Your Score History
You have not taken this quiz